000 00365nam a2200145Ia 4500
008 230711s9999||||xx |||||||||||||| ||und||
041 _aENG
082 _a624
_bHE-L
100 _aHendry,A.W
245 0 _aIntroduction to load bearing brick work
250 _a1st . Ed.
260 _c1981
_aNew York
_bEllis Horwood Ltd
650 _aCivil Engineering
942 _cBK
999 _c1083
_d1083